Management (Record no. 349624)
[ view plain ]
| 000 -LEADER | |
|---|---|
| fixed length control field | 00498nam a22002057a 4500 |
| 003 - CONTROL NUMBER IDENTIFIER | |
| control field | OSt |
| 005 - DATE AND TIME OF LATEST TRANSACTION | |
| control field | 20180116182954.0 |
| 008 - FIXED-LENGTH DATA ELEMENTS--GENERAL INFORMATION | |
| fixed length control field | 140314b xxu||||| |||| 00| 0 eng d |
| 020 ## - INTERNATIONAL STANDARD BOOK NUMBER | |
| International Standard Book Number | 9788131707043 |
| 040 ## - CATALOGING SOURCE | |
| Original cataloging agency | 0 |
| Transcribing agency | 0 |
| 082 ## - DEWEY DECIMAL CLASSIFICATION NUMBER | |
| Classification number | 658 STO 2013 |
| 100 ## - MAIN ENTRY--PERSONAL NAME | |
| Personal name | James A. F. Stoner |
| 245 ## - TITLE STATEMENT | |
| Title | Management |
| Statement of responsibility, etc. | James A. F. Stoner |
| 250 ## - EDITION STATEMENT | |
| Edition statement | 6th Ed. |
| 260 ## - PUBLICATION, DISTRIBUTION, ETC. | |
| Place of publication, distribution, etc. | India |
| Name of publisher, distributor, etc. | Pearson |
| Date of publication, distribution, etc. | 2013 |
| 300 ## - PHYSICAL DESCRIPTION | |
| Extent | 656+20 Eprox |
| Other physical details | PB |
| 440 ## - SERIES STATEMENT/ADDED ENTRY--TITLE | |
| Title | Management |
| 600 ## - SUBJECT ADDED ENTRY--PERSONAL NAME | |
| Personal name | James A. F. Stoner |
| 942 ## - ADDED ENTRY ELEMENTS (KOHA) | |
| Source of classification or shelving scheme | |
| Koha item type | Book |
| Withdrawn status | Lost status | Source of classification or shelving scheme | Damaged status | Not for loan | Collection code | Permanent Location | Current Location | Shelving location | Date acquired | Total Checkouts | Full call number | Barcode | Date last seen | Date last checked out | Price effective from | Koha item type | Total Renewals |
|---|---|---|---|---|---|---|---|---|---|---|---|---|---|---|---|---|---|
| Central Library (CL) | Central Library (CL) | General Stacks | 03/14/2014 | 1 | 658 STO 2013 | NBS9079 | 03/20/2014 | 03/18/2014 | 03/14/2014 | Book | |||||||
| Central Library (CL) | Central Library (CL) | General Stacks | 03/14/2014 | 1 | 658 STO 2013 | NBS9080 | 11/11/2025 | 09/16/2025 | 03/14/2014 | Book | 1 | ||||||
| Central Library (CL) | Central Library (CL) | General Stacks | 03/14/2014 | 658 STO 2013 | NBS9081 | 03/20/2014 | 03/14/2014 | Book | |||||||||
| Central Library (CL) | Central Library (CL) | General Stacks | 03/14/2014 | 658 STO 2013 | NBS9082 | 03/20/2014 | 03/14/2014 | Book | |||||||||
| Central Library (CL) | Central Library (CL) | General Stacks | 03/14/2014 | 658 STO 2013 | NBS9083 | 03/20/2014 | 03/14/2014 | Book |
